| 000 | 00991nam a2200217 i 4500 | ||
|---|---|---|---|
| 001 | 43626 | ||
| 003 | ES-MaACL | ||
| 005 | 20230906160839.0 | ||
| 007 | t| | ||
| 008 | 030318s1856 sp ||||1| spa d | ||
| 111 | 2 |
_aExposicion Nacional de Bellas Artes ( _d1856. _cMadrid) _9152256 |
|
| 245 | 1 | 0 | _aCatálogo de las obras de pintura, escultura, arquitectura, grabado y litografía presentadas en la Exposición General de Bellas Artes de 1856, verificada en las gaerías del Ministerio de Fomento desde el 20 de mayo de1856, formado por el jurado de admisión de obras. |
| 260 |
_aMadrid : _b[s.n.], _c1856 ( _fImp. Nacional) |
||
| 300 |
_a40, [4] p. ; _c22 cm. |
||
| 650 | 4 |
_aArte español- _yS.XIX- _vExposiciones. _9138900 |
|
| 650 | 4 |
_aArte europeo- _yS.XIX- _vExposiciones. _9159464 |
|
| 655 | 7 |
_2tgfbne _9193628 _aCatálogos de exposiciones |
|
| 852 |
_aES-MaACL _jT-207-F-1 _z.- Enc. en un vol. facticio falto de la cub. original |
||
| 942 | _2udc | ||
| 999 |
_c43626 _d43626 |
||